| 000 | 00716nam a2200205 i 4500 | ||
|---|---|---|---|
| 001 | 28885 | ||
| 003 | ES-MaACL | ||
| 005 | 20250718191208.0 | ||
| 007 | t| | ||
| 008 | 030120s1882 be ||||1| fre d | ||
| 100 | 1 |
_aBamps, Anatole. _925152 |
|
| 245 | 1 | 3 |
_aLa science américaniste á propos du Congres International de Madrid (25-28 septembre 1881) / _cAnatole Bamps. |
| 260 |
_aLouvain : _b[s.n.], _c1882 ( _fTipographie de Charles Peeters) |
||
| 300 |
_a24 p. ; _c24 cm. |
||
| 594 | _aExtraido de Muséon. | ||
| 650 | 4 |
_aCiencia- _zAmérica. _9148028 |
|
| 711 | 2 |
_aCongreso Internacional de Americanistas _n(4º. _d1881. _cMadrid) _9148029 |
|
| 852 |
_aES-MaACL _jT-541-F-1 |
||
| 999 |
_c28885 _d28885 |
||